| 000 | 00481nam a2200169 a 4500 | ||
|---|---|---|---|
| 005 | 20140311162956.0 | ||
| 008 | 970101s19uu xx 00 eng d | ||
| 020 | _a0553273914 | ||
| 050 |
_aPQ 8098.1.L54 _b.Al432 1993 |
||
| 100 | _aIsabel Allende | ||
| 245 |
_aThe House Of spirits / _cIsabel Allende. |
||
| 260 |
_aNew York, Toronto, London, Sydney, Auckland : _bBantam Books, _c1993. |
||
| 300 |
_a433 p. : _c18cm. |
||
| 650 | _aFiction | ||
| 942 |
_cBK _2lcc |
||
| 999 |
_c39045 _d39045 |
||